000 00948caa a22002417a 4500
999 _c407730
_d407730
001 121605
003 UA-OsUOA
005 20191027123520.0
007 ta
008 20170323b un ||||| |||| 00| 0 ukr d
040 _aUA-OsUOA
_bukr
_cUA-OsUOA
_dUA-OsUOA
041 _aukr
080 _a908
090 _a908
_bК88
100 _aКуделя П. І.
245 _aНаціонально-культурне життя Рівненщини в період гетьманату П. Скоропадсткого (1918 р.)
_cП. І. Куделя
300 _aС. 112-114
650 7 _a908 Краєзнавство
_2UDC
773 0 _0331088
_9355474
_dОстрог 1996
_o104077
_tМатеріали 6-ої Острізької конференції "Остріг на порозі 900-річчя" 1995 рік
_w(UA-OsUOA) 44978
942 _cBKA
_2udc
955 _a1